Environment and development / (Record no. 26739)

MARC details
000 -LEADER
fixed length control field 02310naa a2200337 4500
005 - DATE AND TIME OF LATEST TRANSACTION
control field 20090523160348.0
008 - FIXED-LENGTH DATA ELEMENTS--GENERAL INFORMATION
fixed length control field 090523t xxu||||| |||| 00| 0 eng d
010 ## - LCCN (DPL NO)
LC control number ENG-93683
020 ## - INTERNATIONAL STANDARD BOOK NUMBER
International Standard Book Number 8176482013
Terms of availability 700.00
035 ## - SYSTEM CONTROL NUMBER
System control number EN-77216
035 ## - SYSTEM CONTROL NUMBER
System control number B-359583-538
037 ## - SOURCE OF ACQUISITION
Source of stock number/acquisition DBAD / PUB
037 ## - SOURCE OF ACQUISITION
Source of stock number/acquisition APH Pub.
040 ## - CATALOGING SOURCE
Original cataloging agency dpl
Language of cataloging English
082 ## - DEWEY DECIMAL CLASSIFICATION NUMBER
Classification number 333.7091724
100 ## - MAIN ENTRY--PERSONAL NAME
Personal name Ghosh, Asish
245 ## - TITLE STATEMENT
Title Environment and development /
Statement of responsibility, etc by Asish Ghosh
260 ## - PUBLICATION, DISTRIBUTION, ETC. (IMPRINT)
Place of publication, distribution, etc New Delhi
Name of publisher, distributor, etc APH Publishing
Date of publication, distribution, etc 2009
270 ## - ADDRESS
Address 4435/36-7, Ansari Road, Daryaganj
City New Delhi
Postal code 110 002
Telephone number 23274050
Electronic mail address aphbooks@vsnl.net
300 ## - PHYSICAL DESCRIPTION
Extent viii, 286p.
Dimensions 21cm(Hb)
500 ## - GENERAL NOTE
General note Includes index
942 ## - ADDED ENTRY ELEMENTS (KOHA)
Institution code [OBSOLETE] dpl
Item type English Books
Source of classification or shelving scheme Dewey Decimal Classification
Classification part 333.7091724
Call number suffix GHO
Holdings
Withdrawn status Lost status Source of classification or shelving scheme Damaged status Not for loan Collection code Home library Current library Date acquired Source of acquisition Cost, normal purchase price Total Checkouts Full call number Barcode Date last seen Copy number Cost, replacement price Koha item type Total Renewals
    Dewey Decimal Classification     Non-fiction Central Library Central Library 21/01/2010 APH/21311/21.10.09/109/16.10.09/21.10.09 700.00   333.7091724 GHO B-359583 21/01/2010 1 700.00 English Books  
    Dewey Decimal Classification   Not For Loan Non-fiction D.B.Act.Division D.B.Act.Division 23/05/2009 DBAD / PUB 700.00   333.7091724 GHO EN-77216 23/05/2009 1 700.00 English Books  
    Dewey Decimal Classification     Non-fiction Janak Puri Janak Puri 21/01/2010 APH/21311/21.10.09/109/16.10.09/21.10.09 700.00 15 333.7091724 GHO B-359585 07/04/2026 1 700.00 English Books 1
    Dewey Decimal Classification     Non-fiction Karol Bagh Karol Bagh 21/01/2010 APH/21311/21.10.09/109/16.10.09/21.10.09 700.00   333.7091724 GHO B-359587 21/01/2010 1 700.00 English Books  
    Dewey Decimal Classification     Non-fiction Patel Nagar Patel Nagar 21/01/2010 APH/21311/21.10.09/109/16.10.09/21.10.09 700.00   333.7091724 GHO B-359584 21/01/2010 1 700.00 English Books  
  Written-off vide DLB M. No. 383 dt 16.05.19 Dewey Decimal Classification     Non-fiction Shahdara Branch Shahdara Branch 21/01/2010 APH/21311/21.10.09/109/16.10.09/21.10.09 700.00   333.7091724 GHO B-359588 21/01/2010 1 700.00 English Books  
    Dewey Decimal Classification     Non-fiction Vinoba Puri Vinoba Puri 21/01/2010 APH/21311/21.10.09/109/16.10.09/21.10.09 700.00 5 333.7091724 GHO B-359586 19/09/2013 1 700.00 English Books  

© Delhi Public Library
Hit Counter
free hit counter